Statistics for 2011 NFL Draft Quiz

Click here to take the quiz!

General Stats

  • This quiz has been taken 37 times
  • The average score is 21 of 30

Answer Stats

TeamPos.AnswerHint% Correct
Top-101PanthersQBCam Newton2015 NFL MVP, could not recover a key fumble in Super Bowl 50
100%
Top-102BroncosLBVon MillerForced the aforementioned fumble in Super Bowl 50, also had 2.5 sacks that game
100%
Top-106FalconsWRJulio JonesFuture Hall of Famer who ranks second on the single season receiving yards leaderboard
97%
Top-105CardinalsCBPatrick PetersonThree-time First-Team All-Pro, had exactly 28 interceptions in Arizona
97%
Top-104BengalsWRAJ Green6 seasons with 1000+ receiving yards, has been hampered by injuries in recent years
94%
Notable Selections1TexansDEJJ Watt3-time DPOY and a unanimous 2010s All-Decade Teamer
94%
Notable Selections249ersQBColin KaepernickKnelt for the national anthem
91%
Notable Selections2BengalsQBAndy DaltonGinger
89%
Notable Selections5CardinalsFBAnthony ShermanPro-Bowler and Super Bowl champion as a member of the Chiefs
83%
Notable Selections6EaglesCJason KelceHas a brother named "Travis"
83%
Notable Selections5SeahawksCBRichard Sherman"I'm the best corner in the game. When you try me with a sorry receiver like Crabtree, that is the result you are going to get."
83%
Top-10749ersLBAldon SmithFirst-Team All-Pro in 2012, did not play from 2016-2019 due to suspensions
80%
Notable Selections6RavensQBTyrod TaylorJustin Herbert started for the Chargers after this QB had his lung ruptured by the team doctor
80%
Top-109CowboysOTTyron Smith2010s All-Decade teamer, selected to 7 Pro Bowls
80%
Notable Selections1SaintsDECameron Jordan3-time All-Pro and 2010s All-Decade Teamer
77%
Notable Selections1DolphinsCMike Pouncey4-time Pro-Bowler with a twin named Maurkice
74%
Notable SelectionsUDFASeahawksWRDoug BaldwinLed the NFL in receiving touchdowns in 2015
71%
Notable Selections1SteelersDECameron Heyward3-time All-Pro with over 50.0 career sacks
69%
Top-108TitansQBJake LockerPlayed only 4 seasons in the NFL, passing for under 5000 career yards
69%
Top-1010JaguarsQBBlaine GabbertA bust who won a Super Bowl as a backup for Tom Brady
66%
Notable Selections3CowboysRBDeMarco MurrayWas the 2014 Offensive Player of the Year with Dallas before flopping in Philadelphia
66%
Notable SelectionsUDFABroncosCBChris Harris Jr.Key member of Denver's "No Fly Zone" secondary
63%
Notable Selections3ChiefsLBJustin HoustonHad 22.0 sacks in 2014
57%
Top-103BillsDTMarcell DareusAll-Pro in 2014 with 10.0 sacks, has notched just 9.0 since
54%
Notable Selections1RedskinsLBRyan KerriganWashington's all-time sacks leader
49%
Notable Selections3TitansDTJurrell CaseyMade the Pro Bowl each year from 2015-2019
43%
Notable Selections1RamsLBRobert Quinn2014 PFWA DPOY who has not recaptured the success since
43%
Notable SelectionsUDFA49ersWRChris HoganCollege lacrosse player who torched the Steelers with 180 yards in the 2016 AFC Championship game
37%
Notable SelectionsUDFACowboysKDan BaileyAll-Pro kicker in Dallas
34%
Notable Selections2ChiefsCRodney Hudson3-time Pro-Bowler and 1-time All-Pro
26%

Score Distribution

Percentile by Number Answered

Percent of People with Each Score

Your Score History

You have not taken this quiz